| 000 | 00000nam##2200000za#4500 |
| 001 | 9.642654 |
| 003 | CaOODSP |
| 005 | 20240213112804 |
| 007 | cr ||||||||||| |
| 008 | 150407|2008||||xxc|||||o f|0| 0 fre|d |
| 040 | |aCaOODSP|bfre |
| 043 | |an-cn--- |
| 086 | 1 |aRv4-4/2008F-PDF |
| 110 | 2 |aAgence du revenu du Canada. |
| 245 | 10|aAider les petites entreprises en réduisant le fardeau lié à l'observation : |h[ressource électronique]|brapport final sur les mesures de suivi |
| 260 | |aOttawa - Ontario : |bAgence du revenu du Canada |cNovembre 2008. |
| 300 | |a32p. |
| 500 | |a«En mars 2007, Aider les petites entreprises en réduisant le fardeau lié à l'observation, le rapport du groupe d'action, a permis de déterminer 61 mesures que l'ARC s'est engagée à mettre en place pour réduire le fardeau d'observation des petites entreprises. ... Ce rapport, le Rapport final sur les mesures de suivi, démontre le progrès de l'ARC à l'égard de chacune des mesures de suivi. Je suis fier des réalisations de l'ARC qui sont documentées dans le présent rapport.»--Page 3 sur 32, Message du commissaire. |
| 590 | |a13-28-Supp|b2013-12-09 |
| 775 | 08|tHelping small businesses by reducing the compliance burden : |w(CaOODSP)9.698657 |
| 856 | 40|ahttp://publications.gc.ca|qPDF|s1294 Ko|uhttps://publications.gc.ca/collections/collection_2013/arc-cra/Rv4-4-2008-fra.pdf |